| 000 | 00811nam a22002057a 4500 | ||
|---|---|---|---|
| 003 | BUBTL | ||
| 008 | 230509b ||||| |||| 00| 0 eng d | ||
| 020 | _a9847020518 | ||
| 082 | _a891.441/ M2772/ 1988 | ||
| 100 |
_94457 _aমাহমুদ, আল |
||
| 245 |
_aসোনালী কাবিন / _cআল মাহমুদ |
||
| 250 | _a1st Edn | ||
| 260 |
_aঢাকা: _bনওরোজ সাহিত্য সম্ভার, _cc1988 |
||
| 300 |
_a72 p.: _c22 cm. |
||
| 505 | _aসোনালী কাবিন, আল মাহমুদ, বাংলা সাহিত্য, কবিতা, বাংলা কবিতা | ||
| 650 | 0 |
_91687 _aবাংলা সাহিত্য |
|
| 856 |
_k0 _l0 _yDownload |
||
| 942 |
_2ddc _cBK |
||
| 999 |
_c7041 _d7041 |
||